00411nam a2200133Ia 4500008004100000041000800041082001500049100001500064245008500079260007500164300001100239365000700250650002000257210719s2005 xx 000 0 und d aeng a658.8 ARSC aARSHAD (K) aConsumer attitude in respect of Mahindra Scorpio in Karnataka Agencies, Manglore aMangalorebDepartment of Business Management St Aloysius Collegec2005 a79bHB cRs aProject Reports